000 01000nam a2200253 a 4500
001 000016399
005 20260219105723.0
008 100304s1984 dr 001 0 spa d
040 _aDO-SdBNP
_bspa
_cBNPHU
082 _a378.7293
_bL817p
100 1 _aLockward Artiles, Antonio,
_d1943-
_918823
245 1 0 _aPrisioneros del claustro /
_cAntonio Lockward Artiles.
260 _aSanto Domingo :
_bUASD,
_c1984.
300 _a170 p. ;
_c21 cm.
500 _aIncluye datos biográficos del autor en la contracubierta.
590 _aInventariado, 2018/MFF
610 0 _aUniversidad Autónoma de Santo Domingo
_976692
650 4 _aUniversidades
_zRepública Dominicana
_vENSAYOS, CONFERENCIAS, ETC.
_936567
650 0 _aEducación superior
_zRepública Dominicana
_9730
650 4 _aAdministracion universitaria
_919530
650 4 _aPlanificacion universitaria
_zRepública Dominicana
_919531
710 1 _aUniversidad Autónoma de Santo Domingo
_972951
910 _aValidado. Control de calidad EMS
999 _c15934
_d15934